| 000 | 00407nam a2200157Ia 4500 | ||
|---|---|---|---|
| 008 | 230711s9999||||xx |||||||||||||| ||und|| | ||
| 020 | _a978-81-7700-101-3 | ||
| 041 | _aENG | ||
| 082 |
_a621 _bSA-E |
||
| 100 | _aSawhney,A.K | ||
| 245 | 2 | _aA course in electrical machine design | |
| 250 | _a6th Ed. | ||
| 260 |
_c2006 _aNew Delhi _bDhanpat Rai & Co.(Pvt.)Ltd. |
||
| 650 | _aElectrical Engineering | ||
| 942 | _cBK | ||
| 999 |
_c37 _d37 |
||